MARC details
| 000 -CABECERA |
| campo de control de longitud fija |
01038cam a2200253 a 4500 |
| 001 - NÚMERO DE CONTROL |
| campo de control |
000006673 |
| 005 - FECHA Y HORA DE LA ÚLTIMA TRANSACCIÓN |
| campo de control |
20200929153955.0 |
| 008 - DATOS DE LONGITUD FIJA--INFORMACIÓN GENERAL |
| campo de control de longitud fija |
881012s19uu sp b s000 0 spa |
| 020 ## - NÚMERO INTERNACIONAL ESTÁNDAR DEL LIBRO |
| Número Internacional Estándar del Libro |
8400064224 |
| 040 ## - FUENTE DE LA CATALOGACIÓN |
| Centro catalogador/agencia de origen |
DO-SdBNP |
| Lengua de catalogación |
spa |
| Centro/agencia transcriptor |
BNPHU |
| 082 ## - NÚMERO DE LA CLASIFICACIÓN DECIMAL DEWEY |
| Número de clasificación |
271.9 |
| Número de documento/Ítem |
D948c |
| 100 1# - ENTRADA PRINCIPAL--NOMBRE DE PERSONA |
| Nombre de persona |
Durán Gudiol, Antonio, |
| Fechas asociadas al nombre |
1947- |
| 9 (RLIN) |
18575 |
| 245 13 - MENCIÓN DE TÍTULO |
| Título |
El Castillo Abadía de Montearagón en los siglos XII y XIII / |
| Mención de responsabilidad, etc. |
Antonio Duran Gudiol. |
| 260 ## - PUBLICACIÓN, DISTRIBUCIÓN, ETC. |
| Lugar de publicación, distribución, etc. |
Zaragoza, España : |
| Nombre del editor, distribuidor, etc. |
Diputación Provincial, |
| Fecha de publicación, distribución, etc. |
[198?]. |
| 300 ## - DESCRIPCIÓN FÍSICA |
| Extensión |
214 p. ; |
| Dimensiones |
22 cm. |
| 490 1# - MENCIÓN DE SERIE |
| Mención de serie |
Temas aragoneses |
| Designación de volumen o secuencia |
no. 59 |
| 490 1# - MENCIÓN DE SERIE |
| Mención de serie |
Publicación de la Institución "Fernando el Católico" |
| Designación de volumen o secuencia |
no. 1.077 |
| 504 ## - NOTA DE BIBLIOGRAFÍA, ETC. |
| Nota de bibliografía, etc. |
Includes bibliographical references. |
| 610 24 - PUNTO DE ACCESO ADICIONAL DE MATERIA--NOMBRE DE ENTIDAD CORPORATIVA |
| Nombre de entidad corporativa o nombre de jurisdicción como elemento de entrada |
CASTILLO ABADIA DE MONTEARAGÓN (ESPAÑA) |
| Subdivisión general |
HISTORIA |
| 9 (RLIN) |
18576 |
| 651 #4 - PUNTO DE ACCESO ADICIONAL DE MATERIA--NOMBRE GEOGRÁFICO |
| Nombre geográfico |
Montearagón (España{Rpara} |
| Subdivisión general |
Historia De La Iglesia |
| 9 (RLIN) |
18577 |
| 710 2# - PUNTO DE ACCESO ADICIONAL--NOMBRE DE ENTIDAD CORPORATIVA |
| Nombre de entidad corporativa o nombre de jurisdicción como elemento de entrada |
Institución Fernando el Católico |
| 9 (RLIN) |
18578 |
| 830 #0 - PUNTO DE ACCESO ADICIONAL DE SERIE-TÍTULO UNIFORME |
| Título uniforme |
Temas aragoneses ; |
| Designación de volumen o secuencia |
no. 59. |
| 9 (RLIN) |
18579 |
| 830 #0 - PUNTO DE ACCESO ADICIONAL DE SERIE-TÍTULO UNIFORME |
| Título uniforme |
Publicación de la Institución "Fernando el Católico" ; |
| Designación de volumen o secuencia |
no. 1077. |
| 9 (RLIN) |
13716 |